| 000 | 00000nam 2200000zi 4500 |
| 001 | 9.887089 |
| 003 | CaOODSP |
| 005 | 20250129071817 |
| 006 | m o d f |
| 007 | cr mn||||||||| |
| 008 | 200508t20162016quca ob f000 0 eng d |
| 020 | |z9780660051574 |q(incorrect) |
| 040 | |aCaOODSP|beng|erda|cCaOODSP |
| 043 | |an-cn--- |
| 045 | |ay0y1 |
| 086 | 1 |aSF31-125/2016E-PDF|zSF31-125/2016 |
| 100 | 1 |aFraser, Graham, |d1946- |eauthor. |
| 245 | 10|aProtecting language rights : |boverview of the Commissioner's interventions in the courts 2006-2016. |
| 264 | 1|a[Gatineau, Quebec] : |bOffice of the Commissioner of Official Languages = Commissariat aux langues officielles, |c[2016] |
| 264 | 4|c©2016 |
| 300 | |a1 online resource (ii, 28 pages) : |billustrations |
| 336 | |atext|btxt|2rdacontent |
| 337 | |acomputer|bc|2rdamedia |
| 338 | |aonline resource|bcr|2rdacarrier |
| 500 | |aIssued also in French under title: Protéger les droits linguistiques : bilan des interventions du commissaire devant les tribunaux 2006-2016. |
| 500 | |a"Graham Fraser, Commissioner of Official Languages"--Page ii. |
| 504 | |aIncludes bibliographical references. |
| 610 | 10|aCanada. |bOffice of the Commissioner of Official Languages. |
| 650 | 0|aLinguistic rights|zCanada. |
| 650 | 0|aLinguistic minorities|xCivil rights|zCanada. |
| 650 | 0|aIntervention (Civil procedure)|zCanada. |
| 710 | 1 |aCanada. |bOffice of the Commissioner of Official Languages, |eissuing body. |
| 775 | 08|tProtéger les droits linguistiques : |w(CaOODSP)9.887091 |
| 794 | |tProtecting language rights : |b(2025)|w(CaOODSP)9.946914 |
| 856 | 40|qPDF|s2.66 MB|uhttps://publications.gc.ca/collections/collection_2020/clo-ocol/SF31-125-2016-eng.pdf |
| 856 | 4 |qHTML|sN/A|uhttps://www.clo-ocol.gc.ca/en/publications/studies-other-reports/2016/protecting-language-rights-overview-commissioners |